La sociedad palentina en el siglo XIX (Record no. 17965)
[ view plain ]
| 000 -LEADER | |
|---|---|
| campo de control de longitud fija | 00797nam a2200205 i 4500 |
| 001 - NÚMERO DE CONTROL | |
| campo de control | 17965 |
| 003 - IDENTIFICADOR DE NÚMERO DE CONTROL | |
| campo de control | ES-MaACL |
| 005 - FECHA Y HORA DE LA ÚLTIMA TRANSACCIÓN | |
| campo de control | 20230906151728.0 |
| 007 - CAMPO FIJO DE DESCRIPCIÓN FÍSICA--INFORMACIÓN GENERAL | |
| campo de control de longitud fija | t| |
| 008 - DATOS DE LONGITUD FIJA--INFORMACIÓN GENERAL | |
| campo de control de longitud fija | 010706s1990 sp |||| | spa d |
| 080 ## - NÚMERO DE LA CLASIFICACIÓN DECIMAL UNIVERSAL | |
| Número de la Clasificación Decimal Universal | 308(460.183)"18" |
| 100 1# - ENTRADA PRINCIPAL--NOMBRE DE PERSONA | |
| Nombre de persona | García Colmenares, Pablo. |
| 9 (RLIN) | 54375 |
| 245 13 - MENCIÓN DEL TÍTULO | |
| Título | La sociedad palentina en el siglo XIX |
| Resto del título | : un acercamiento metodológico / |
| Mención de responsabilidad, etc. | Pablo García Colmenares. |
| 260 ## - PUBLICACIÓN, DISTRIBUCIÓN, ETC. | |
| Lugar de publicación, distribución, etc. | Palencia : |
| Nombre del editor, distribuidor, etc. | Diputación Provincial, Departamento de Cultura, |
| Fecha de publicación, distribución, etc. | [1990] |
| 300 ## - DESCRIPCIÓN FÍSICA | |
| Extensión | p. [651]-683 ; |
| Dimensiones | 25 cm. |
| 595 ## - | |
| -- | Separata del t. III (v. II) de las Actas del II Congreso de Historia de Palencia. |
| 651 #4 - PUNTO DE ACCESO ADICIONAL DE MATERIA--NOMBRE GEOGRÁFICO | |
| Nombre geográfico | Palencia (Provincia)- |
| Subdivisión general | Situación social- |
| Subdivisión cronológica | S.XIX. |
| 9 (RLIN) | 167815 |
| 710 1# - ENTRADA AGREGADA--NOMBRE DE ENTIDAD CORPORATIVA | |
| Nombre de entidad corporativa o nombre de jurisdicción como elemento de entrada | Palencia (Provincia). |
| Unidad subordinada | Diputación Provincial. |
| 9 (RLIN) | 6107 |
| 852 ## - LOCALIZACIÓN | |
| Ubicación | ES-MaACL |
| Número de control de estantería | 2164-F-15 |
| Estatus retirado | Estado de pérdida | Estado de daño | No para préstamo | Colección | Biblioteca de origen | Biblioteca actual | Ubicación en estantería | Fecha de adquisición | Fuente de adquisición | Total de préstamos | Signatura topográfica completa | Código de barras | Visto por última vez | Precio de reemplazo | Tipo de ítem Koha |
|---|---|---|---|---|---|---|---|---|---|---|---|---|---|---|---|
| Colección de folletos | Biblioteca del Ateneo de Madrid | Biblioteca del Ateneo de Madrid | Depósito folletos | 17/01/2008 | 2164-F-15 | 1018356 | 23/02/2023 | 23/02/2023 | Folleto |
